Datum a čas kvízu
37
Celkem bodů
Celkový počet nahraných bodů na tomto kvízu bez doplňovacích otázek.
6.
Pořadí na kvízu
Konečné umístění týmu na tomto kvízu.
Zaznamenané odpovědi
| # | Otázka | Odpověď | Body | Výsledky |
|---|---|---|---|---|
| 1. | V pondělí odhalil český prezid... | C) ze skla | 1 | |
| 2. | Který bývalý evropský preziden... | Nicolas Sarkozy | 1 | |
| 3. | Minulý týden proběhl v Brně me... | Straka | 1 | |
| 4. | Ve které evropské zemi nově po... | v Itálii | 1 | |
| 5. | Dvěma pilotům formule 1 se min... | Carlos Sainz; Charles Leclerc | 1 | |
| 6. | Gesto, které vidíme na obrázku... | 1D 2A 3C 4B | 1 | |
| 7. | Které z uvedených gest má na B... | B | 1 | |
| 8. | Sheldon Cooper v Teorii velkéh... | Spocka a tapíra (ještěra) | 1 | |
| 9. | Která dvě písmena české dvouru... | CH, R | 1 | |
| 10. | Na výřezu z obrazu francouzské... | paroháč (že je mu žena nevěrná) | 0 |